| 000 | 00519nam a2200217Ia 4500 | ||
|---|---|---|---|
| 003 | OSt | ||
| 005 | 20230317114123.0 | ||
| 008 | 210423s2016 xx 000 0 und d | ||
| 020 | _a978-81-7599-283-2 | ||
| 040 | _cAL | ||
| 041 | _aeng | ||
| 082 |
_a891.733 _223 _bTOLW |
||
| 100 |
_aTOLSTOY (Leo) _976111 |
||
| 245 | _aWar and peace | ||
| 260 |
_aNew Delhi _bFingerprint _c2016 |
||
| 300 |
_a1232 _bPB |
||
| 365 |
_b395 _cINR |
||
| 650 |
_aRussian Literature _976112 |
||
| 906 | _apeace ; War | ||
| 942 |
_2ddc _cBK |
||
| 999 |
_c168629 _d168629 |
||